Psáno pod čarou : výbor českých feuilletonů /

Hlavní autor: Nezbeda, Vilém, 1912-2004
Jazyk: Čeština
Vydáno: V Praze : Státní nakladatelství, 1946
Vydání: Vyd. 1.
Edice: Sad (Státní nakladatelství)
Externí odkaz: Digitalizovaný dokument
Fyzický popis: 189 s. ; 21 cm
Knihy
Uloženo v:
LEADER 01006nam a22002532a 4500
001 000768907
003 CZ BrMZK
005 20131029085725.0
007 ta
008 050404s1946 xr er 000 0 cze d
015 |a cnb000501005 
040 |a ABA001  |b cze  |c ABA001  |d ABA001 
100 1 |a Nezbeda, Vilém,  |d 1912-2004  |7 jk01090153  |4 aut 
245 1 0 |a Psáno pod čarou :  |b výbor českých feuilletonů /  |c Vilém Nezbeda 
250 |a Vyd. 1. 
260 |a V Praze :  |b Státní nakladatelství,  |c 1946 
300 |a 189 s. ;  |c 21 cm 
490 1 |a Sad ;  |v sv. 90 
830 0 |a Sad (Státní nakladatelství)  |0 s 
856 4 1 |u http://www.digitalniknihovna.cz/mzk/uuid/uuid:33c77bb0-408b-11e3-ad8c-005056827e52  |y Digitalizovaný dokument  |x NDK 
910 |a BOA001  |b PK-II-0028.717  |b 2-0070.737,90 
990 |a BK 
996 7 |b 3119655035  |c PK-II-0028.717  |l MZK  |r Sklad / do 1 hodiny  |n 3  |w 000768907  |u 000010  |a 1  |e BOA001  |j MZK50  |s A 
996 6 |b BC-1268446  |c 2-0070.737,90  |l MZK  |r Sklad / do 24 hodin  |n 0  |w 000768907  |u 000020  |a 1  |e BOA001  |j MZK50  |s P